[Event "San Jose 1000 GM Labor Day op"]
[Site "San Jose"]
[Date "2024.09.02"]
[Round "6"]
[White "Zuluaga Mancilla, Cesar"]
[Black "Gui, Suyuan"]
[Result "0-1"]
[WhiteElo "2166"]
[BlackElo "2033"]
[PlyCount "96"]
[EventDate "2024.08.30"]
[EventType "swiss"]
[EventRounds "9"]
[EventCountry "USA"]
[SourceTitle "EXT 2025"]
[Source "ChessBase"]
[SourceDate "2024.10.14"]
[SourceVersion "1"]
[SourceVersionDate "2024.10.14"]
[SourceQuality "1"]

1. d4 Nf6 2. Nf3 g6 3. c4 Bg7 4. Nc3 d5 5. e3 0-0 6. Qb3 dxc4 7. Bxc4 e6 8. 0-0 Nc6 9. Bb5 Ne7 10. Rd1 Ned5 11. Bd2 Nxc3 12. bxc3 a6 13. Be2 b6 14. c4 Bb7 15. Bb4 Re8 16. a4 Rb8 17. Qa2 a5 18. Be1 Qe7 19. Rac1 Ne4 20. c5 bxc5 21. Bxa5 Ra8 22. Be1 cxd4 23. exd4 Red8 24. a5 Ng5 25. Qb3 Bd5 26. Qc3 Rdc8 27. Nxg5 Qxg5 28. Qg3 Qe7 29. Qe3 c6 30. a6 Rcb8 31. Rb1 Bf8 32. Qf4 Qa7 33. Bc3 Bg7 34. Qe3 Bb3 35. Rdc1 Ba4 36. Ra1 Bb5 37. Bf3 Qb6 38. Qf4 Rc8 39. Rcb1 Rxa6 40. Rxa6 Qxa6 41. Bb4 Qa2 42. Re1 Qc4 43. Bc5 e5 44. Qg4 f5 45. Qg5 exd4 46. Qe7 Qf7 47. Qd6 Re8 48. Rxe8+ Qxe8 0-1

[Event "San Jose 1000 GM Labor Day op"]
[Site "San Jose"]
[Date "2024.08.30"]
[Round "1"]
[White "Yim, Sung Ho"]
[Black "Gui, Suyuan"]
[Result "1-0"]
[WhiteElo "2291"]
[BlackElo "2033"]
[PlyCount "85"]
[EventDate "2024.08.30"]
[EventType "swiss"]
[EventRounds "9"]
[EventCountry "USA"]
[SourceTitle "EXT 2025"]
[Source "ChessBase"]
[SourceDate "2024.10.14"]
[SourceVersion "1"]
[SourceVersionDate "2024.10.14"]
[SourceQuality "1"]

1. Nf3 Nf6 2. c4 g6 3. Nc3 d5 4. cxd5 Nxd5 5. h4 Bg7 6. h5 c5 7. h6 Bf6 8. Ne4 Qb6 9. g3 Nc6 10. Nxf6+ Nxf6 11. Bg2 Bf5 12. b3 Rd8 13. d3 0-0 14. Nd2 Nd4 15. Nc4 Qc7 16. Bf4 Qc8 17. Ne3 Be6 18. Be5 Nd5 19. Rc1 Nxe3 20. fxe3 Nf5 21. Bf4 b6 22. g4 Nd6 23. g5 Qd7 24. Qd2 Nf5 25. Qb2 f6 26. Rf1 Nh4 27. Bh1 Bh3 28. Rg1 e5 29. Bh2 Nf5 30. gxf6 Nxh6 31. Bxe5 Ng4 32. Bf4 Nxf6 33. Bg5 Qd6 34. Qc3 Bf5 35. e4 Rde8 36. Bxf6 Rxf6 37. exf5 Qh2 38. Bd5+ Kg7 39. Rg2 Qd6 40. Be4 Kf8 41. fxg6 hxg6 42. Qxf6+ Qxf6 43. Rf2 1-0